| 000 | 00887cab a2200289 4500 | ||
|---|---|---|---|
| 001 | ABS50410 | ||
| 008 | 090401t1994 xxu||||| |||| 00| 0 eng d | ||
| 035 | _a(Sirsi) u75593 | ||
| 041 | _aeng | ||
| 100 | _aSpring, M. | ||
| 245 | _aCapital idea | ||
| 260 | _c1994 | ||
| 350 | _a0 | ||
| 490 |
_aBuilding _v259(7840) 22 April 1994, 20-21(2) |
||
| 520 | _aDiscusses Brent LBC`s blueprint scheme to redevelop the Chalkhill housing estate with up to four fifths of the funding required coming from the private sector. Wimpey leads the consortium. | ||
| 650 | _aARCHITECTURAL COMPETITIONS | ||
| 650 | _aCHALKHILL ESTATE | ||
| 650 | _aCOUNCIL HOUSING | ||
| 650 | _aHOUSING ESTATES | ||
| 650 | _aINNER CITIES | ||
| 650 | _aPRIVATE FINANCE | ||
| 650 | _aREDEVELOPMENT | ||
| 650 | _aURBAN REGENERATION | ||
| 690 |
_aRefurbishment _96264 |
||
| 942 | _n0 | ||
| 948 | _c04/03/1997 | ||
| 999 |
_c47555 _d47555 |
||